000 00340 a2200157 4500
001 58619
020 _a
040 _cAnchieta - Pituba
100 _aSá, Francisco José Bezerra
240 1 0 _aO romance da torre
_lpor
245 1 0 _aO romance da torre
300 _a148
362 0 _a1966
650 4 _aLiteratura juvenil
942 _cBK
999 _c58619
_d58619